000 01405nam a2200277Ia 4500
008 130821s2007 sp gs mul
020 _a9788496990098
040 _aCo-BoUCM
_bspa
041 0 0 _amul
092 _aCDM 0205
100 1 _aMartínez Pecino, Flora
245 1 0 _aEficacia de la acupuntura en la cefalea/migraña y diferentes situaciones =
_bThe efficacy of acupuncture in the treatment of cephalalgia/migraine and different conditions
_bexecutive summary
_c[CD-ROM]
_cFlora Martínez Pecino, Ivan Solá Arnau, María Betina Nishishinya Aquino ; [traducido por : Leda Ojeda Florido]
246 1 1 _aThe efficacy of acupuncture in the treatment of cephalalgia/migraine and different conditions
_bexecutive summary
260 _aSevilla (Andalucía, España)
_bAgencia de Evaluación de Tecnologías Sanitarias de Andalucía Ministerio de Sanidad y Consumo
_c2007
300 _a1 CD-ROM
650 0 4 _aAcupuntura
_vCD-ROM
_98498
650 0 4 _aCefalalgia
_xTratamiento y control
_vCD-ROM
_910631
650 0 4 _aMedicina basada en la evidencia
_vCD-ROM
_919133
650 0 4 _aNeurología
_920299
700 1 _aNishishinya Aquino, María Betina
700 1 _aSolá Arnau, Ivan
710 1 _aEspaña.
_bMinisterio de Sanidad y Consumo
710 2 _aAgencia de Evaluación de Tecnologías Sanitarias de Andalucía
710 2 _aEscuela Andaluza de Salud Pública
942 _cMULTIMEDIA
_2LOCAL
_a15
_e1
999 _c66366
_d66366